| 000 | 00439cam a22001577a 4500 | ||
|---|---|---|---|
| 008 | 180718b2008 xxu||||| |||| 00| 0 eng d | ||
| 020 | _a8184501155 | ||
| 082 | _aO1x54 G552 | ||
| 100 | _aGoel, S.L. | ||
| 245 |
_aRural health education _cby S.L. Goel |
||
| 260 |
_aDelhi _bDeep & Deep _c2008 |
||
| 300 | _a330p. | ||
| 650 | _aMedical care, Rural - India | ||
| 650 | _aRural development - India | ||
| 650 | _aHealth services, Rural - India | ||
| 999 |
_c407585 _d407585 |
||